000 00301nam a2200121Ia 4500
008 190216s9999||||xx |||||||||||||| ||und||
100 _aJacob Eppan
245 0 _aVilasindhandhavum Atinte Upoayogavum
260 _bKerala Bhasha Institute
_c1974
300 _a612p
650 _aEconomics
942 _cBK
999 _c38115
_d38115